LEADER 01273nam a2200253 i 4500 001 000000053041 003 CaOOAMICUS 005 20160616000000.0 008 160616s1843 it u000 u ita u 013 $a24213 040 $aSeMil$bita 245 10$aCompendio dell'esposizione della dottrina cristiana cavata dal Catechismo Romano :$bad uso de' fanciulli e delle classi minori, nelle scuole della cittą e Diocesi di Milano. 260 $aMilano :$bGiacomo Agnelli,$c1843. 300 $a156 p. ;$c19 cm. 650 4$aCatechismo - Manuali e sussidi.$0(OLS)http://semarc/subject/253 650 4$aMilano (Arcidiocesi) - Pastorale - Sussidi.$0(OLS)http://semarc/subject/10931 710 2 $aChiesa Cattolica.$0(OLS)http://semarc/name/987 850 $aSeMil 852 $aSeMil$W1$xVenegono$y1$m2B I 101 FA$j19195$B19195$CSeMilBibl$Z2$F19197 $8I 910 2 $aSanta Sede. 961 $aOmaggio: Biblioteca Seminario Seveso (fino al 1985) 996 $6245$aCompendio dell'esposizione della dottrina cristiana cavata dal Catechismo Romano :$bad uso de' fanciulli e delle classi minori, nelle scuole della cittą e Diocesi di Milano$9(OLS)http://semarc/title/81601 996 $6260$aMilano :$bGiacomo Agnelli$9(OLS)http://semarc/publisher/31323 LEADER 01216nam a2200193 i 4500 001 000000216914 003 CaOOAMICUS 005 20121114000000.0 008 121114s1770 xx u000 u lat u 013 $a195810 026 $ad.em idte n-s- deco (3) 1770 (R) 040 $aSeMil$bita 245 10$aTomi 3. Pars 2. 300 $a[4], 195, [1] p. 500 $aSegn. : pigreco2 A-2A4 2B2. 773 0 $aAntoine, Paul-Gabriel $tTheologia moralis universa a.r.p. Paulo Gabriele Antoine, S.J., primum concinnata, dein notis & appendicibus ... amplificata a r. p. Philippo de Carboneano, demum a r. p. Bonaventura Staidel ... ad utiliorem parochorum et confessariorum usum, ... aucta ... accessionibus ... depromptis ex s. Thoma Aquin. & s. Bonaventura cardin., nec non ex ... Benedicto 14. & Clemente 13. Tomi 1. pars 1. [-Tomi 3. pars 2].$dVenetiis : Antonii Zatta, 1770.$bEditio postrema absolutissima in 6 tomos distributa, cui accedunt ... recentiores adnotationes ... nec non loca theologica ex Melchiore Cano desumpta.$g3$w()27659 850 $aSeMil 852 $aSeMil$W1$xVenegono$y1$m2E IV 31 FA$j167330$B167330$CSeMilBibl$Z2$F178122 $8I 996 $6245$aTomi 3. Pars 2$9(OLS)http://semarc/title/311792